[Event "Groningen Chess Festival 2010 - Open"]
[Site "Groningen NED"]
[Date "2010.12.22"]
[Round "2.20"]
[White "Kantans, Toms"]
[Black "Kerigan, Demre"]
[Result "1-0"]
[WhiteElo "2342"]
[BlackElo "2149"]
[PlyCount "107"]
[EventDate "2010.12.21"]
[EventType "swiss"]
[EventRounds "9"]
[EventCountry "NED"]
[Source "lmi"]
[SourceDate "2010.12.21"]

1. e4 d6 2. d4 Nf6 3. Nc3 g6 4. Nf3 Bg7 5. Bg5 O-O 6. h3 a6 7. a4 b6 8. Bc4 Bb7
9. Qe2 Re8 10. O-O-O d5 11. Bd3 dxe4 12. Nxe4 Nc6 13. c3 Qd5 14. Rhe1 Kf8 15.
Kb1 Na5 16. c4 Qd7 17. Nc3 Nc6 18. d5 Nb4 19. Ne5 Qc8 20. g4 b5 21. cxb5 Nfxd5
22. Nxd5 Bxd5 23. Bxe7+ Kg8 24. Bxb4 Bxe5 25. Qxe5 Rxe5 26. Rxe5 Qb7 27. Rde1
Be6 28. Be4 Qc8 29. Bxa8 Qxa8 30. f4 Qf3 31. f5 gxf5 32. gxf5 Bxf5+ 33. Ka1 f6
34. Re8+ Kf7 35. R8e7+ Kg6 36. Rxc7 Qb3 37. Rg1+ Kh6 38. Ba3 axb5 39. axb5 Qxb5
40. Rc5 Qd3 41. Ra5 Kh5 42. Be7 h6 43. Bxf6 Qf3 44. Ra4 Be4 45. Bd8 Qd3 46.
Ra5+ Bf5 47. Bb6 Qf3 48. Bd4 Qd3 49. Bg7 Qe4 50. Rf1 Kg6 51. Bc3 Bxh3 52. Rf6+
Kh7 53. Ra7+ Kg8 54. Rg7+ 1-0

[Event "Groningen Chess Festival 2010 - Open"]
[Site "Groningen NED"]
[Date "2010.12.22"]
[Round "2.21"]
[White "Bijlsma, Nick"]
[Black "Krause, Ullrich"]
[Result "1-0"]
[WhiteElo "2133"]
[BlackElo "2308"]
[PlyCount "127"]
[EventDate "2010.12.21"]
[EventType "swiss"]
[EventRounds "9"]
[EventCountry "NED"]
[Source "lmi"]
[SourceDate "2010.12.21"]

1. e4 e6 2. Qe2 e5 3. Nf3 Nc6 4. g3 Bc5 5. c3 d6 6. Bg2 Nge7 7. b4 Bb6 8. a4 a6
9. Na3 O-O 10. O-O f5 11. d3 Kh8 12. Nc4 Be6 13. Nxb6 cxb6 14. exf5 Bxf5 15.
Nh4 Be6 16. Bg5 Qd7 17. b5 axb5 18. axb5 Na5 19. Rab1 Nf5 20. Nxf5 Bxf5 21. Be3
d5 22. Bxb6 Qd6 23. Be3 Rfc8 24. Qa2 b6 25. Rfd1 Be6 26. Qb2 Nb7 27. Qb4 Qc7
28. Rbc1 Nd6 29. Ra1 Nf5 30. Bxb6 Qxc3 31. Qxc3 Rxc3 32. Ba7 Nd4 33. Bxd4 exd4
34. Rab1 Kg8 35. b6 Rb8 36. Rb4 Rc5 37. Rdb1 Kf7 38. h4 Ke7 39. Rxd4 Kd6 40.
Rdb4 Rc3 41. d4 Rc4 42. Bf1 Rxb4 43. Rxb4 Kc6 44. Bd3 h6 45. Kg2 Bc8 46. b7
Rxb7 47. Rxb7 Bxb7 48. g4 Kd6 49. f4 Bc6 50. Bg6 Ba4 51. Kg3 Bd1 52. g5 Be2 53.
f5 Bd3 54. gxh6 gxh6 55. Kf4 Bc2 56. h5 Bd1 57. Bf7 Be2 58. f6 Bd1 59. Bxd5
Bxh5 60. Bc4 Bg6 61. Kg4 Kd7 62. Bg8 Kd6 63. d5 Kd7 64. f7 1-0

[Event "Groningen Chess Festival 2010 - Open"]
[Site "Groningen NED"]
[Date "2010.12.22"]
[Round "2.22"]
[White "Lampert, Jonas"]
[Black "Afek, Yochanan"]
[Result "0-1"]
[WhiteElo "2131"]
[BlackElo "2238"]
[PlyCount "90"]
[EventDate "2010.12.21"]
[EventType "swiss"]
[EventRounds "9"]
[EventCountry "NED"]
[Source "lmi"]
[SourceDate "2010.12.21"]

1. e4 c5 2. Nf3 Nc6 3. d4 cxd4 4. Nxd4 g6 5. Nc3 Bg7 6. Be3 Nf6 7. Bc4 Qa5 8.
O-O O-O 9. Nb3 Qc7 10. f4 d6 11. Be2 a6 12. Bf3 Be6 13. Kh1 Rac8 14. Qd2 Na5
15. Nxa5 Qxa5 16. Nd5 Qxd2 17. Nxe7+ Kh8 18. Bxd2 Rxc2 19. Bc3 Re8 20. Nd5 Bxd5
21. exd5 Ne4 22. Rac1 Rxc1 23. Rxc1 Bxc3 24. bxc3 Nxc3 25. a3 Kg7 26. Kg1 Rc8
27. Kf1 Rc5 28. g3 Nb5 29. Rxc5 dxc5 30. Kf2 Kf6 31. Ke3 Nxa3 32. Kd3 b5 33. d6
Nc4 34. d7 Ke7 35. Bd5 Nd6 36. Bc6 f6 37. g4 g5 38. fxg5 fxg5 39. h3 a5 40. Kc3
a4 41. Kb2 b4 42. Bxa4 Nc4+ 43. Ka2 Nb6 44. Bc2 h6 45. Kb3 Kxd7 0-1

[Event "Groningen Chess Festival 2010 - Open"]
[Site "Groningen NED"]
[Date "2010.12.22"]
[Round "2.23"]
[White "Dehn, Marcus"]
[Black "Hess, Christian"]
[Result "1/2-1/2"]
[WhiteElo "2115"]
[BlackElo "2256"]
[PlyCount "132"]
[EventDate "2010.12.21"]
[EventType "swiss"]
[EventRounds "9"]
[EventCountry "NED"]
[Source "lmi"]
[SourceDate "2010.12.21"]

1. d4 e6 2. Nf3 c5 3. c3 Nc6 4. Bf4 cxd4 5. Nxd4 d6 6. Nf3 Nf6 7. h3 d5 8. e3
Bc5 9. Be2 O-O 10. O-O Qe7 11. Ne5 Nd7 12. Nd3 Bb6 13. Nd2 e5 14. Bh2 f6 15.
Qb3 Qf7 16. e4 d4 17. Qxf7+ Rxf7 18. c4 Nc5 19. a3 a5 20. b3 Be6 21. Rab1 Nxd3
22. Bxd3 Bc5 23. Ra1 g5 24. Nf3 Rg7 25. Ne1 Rc7 26. Nc2 h5 27. Rab1 Bf8 28. b4
axb4 29. axb4 Rcc8 30. c5 Ra2 31. Ra1 Rca8 32. Rxa2 Rxa2 33. Rb1 Nb8 34. f3 Kg7
35. Nxd4 exd4 36. Bxb8 Rd2 37. Bf1 Kf7 38. Bg3 g4 39. hxg4 hxg4 40. Be1 Ra2 41.
f4 Ra3 42. g3 d3 43. Rb2 Bc4 44. Bd2 Ke7 45. Kf2 Kd7 46. Bg2 Be7 47. Ke3 Bb5
48. Kd4 Bd8 49. e5 b6 50. Be4 Ra4 51. Ke3 fxe5 52. Bf5+ Kc6 53. Bxg4 exf4+ 54.
gxf4 bxc5 55. bxc5 Ra1 56. Bb4 Bf6 57. Bf3+ Kc7 58. Rh2 Ra4 59. Rh7+ Kd8 60.
Rf7 Be7 61. c6 Rxb4 62. c7+ Kxc7 63. Rxe7+ Kd6 64. Re5 Rb2 65. Rd5+ Ke6 66. Rd4
Kf6 1/2-1/2

[Event "Groningen Chess Festival 2010 - Open"]
[Site "Groningen NED"]
[Date "2010.12.22"]
[Round "2.24"]
[White "Stjazhkina, Olga"]
[Black "Van Overdam, Julian"]
[Result "0-1"]
[WhiteElo "2240"]
[BlackElo "2122"]
[PlyCount "76"]
[EventDate "2010.12.21"]
[EventType "swiss"]
[EventRounds "9"]
[EventCountry "NED"]
[Source "lmi"]
[SourceDate "2010.12.21"]

1. d4 Nf6 2. Nf3 h6 3. c4 g5 4. Nc3 g4 5. Ne5 d6 6. Nd3 Bf5 7. g3 Nc6 8. Be3
Bg7 9. d5 Ne5 10. Nxe5 dxe5 11. Bg2 O-O 12. Qd2 Kh7 13. O-O Bg6 14. c5 Ne8 15.
f4 gxf3 16. exf3 f5 17. Rad1 Qd7 18. Bh3 Nf6 19. Rfe1 Qe8 20. Bf2 Rd8 21. g4 f4
22. Bf1 e4 23. fxe4 Nxg4 24. Bh3 Ne5 25. Bg2 Bh5 26. Kh1 Bxd1 27. Qxd1 Bf6 28.
Bh3 Rg8 29. Bf5+ Kh8 30. Rf1 c6 31. Qe2 f3 32. Qe3 Qh5 33. Rg1 Bg5 34. Qd4 Bf4
35. h3 Rxg1+ 36. Bxg1 Qg5 37. Qf2 Rg8 38. Bh2 Qg2+ 0-1

[Event "Groningen Chess Festival 2010 - Open"]
[Site "Groningen NED"]
[Date "2010.12.22"]
[Round "2.25"]
[White "Van Overdam, Jan"]
[Black "Lyell, Mark"]
[Result "1-0"]
[WhiteElo "2030"]
[BlackElo "2210"]
[PlyCount "111"]
[EventDate "2010.12.21"]
[EventType "swiss"]
[EventRounds "9"]
[EventCountry "NED"]
[Source "lmi"]
[SourceDate "2010.12.21"]

1. e4 c6 2. d4 d5 3. exd5 cxd5 4. Bd3 Nc6 5. c3 Qc7 6. Ne2 Bg4 7. f3 Bh5 8. Bf4
Qd7 9. O-O e6 10. Nd2 Bd6 11. Bg3 Bg6 12. Nb3 Nge7 13. Bxd6 Qxd6 14. Qd2 Bxd3
15. Qxd3 Rc8 16. Rae1 O-O 17. Ng3 Qf4 18. Re2 g6 19. Rfe1 b6 20. Qa6 h5 21. Nf1
Nf5 22. Nfd2 h4 23. Nc1 Ncxd4 24. cxd4 Qxd4+ 25. Rf2 Rc2 26. Ncb3 Qxb2 27. Qxa7
b5 28. Qb6 Ra8 29. Qxb5 Rxa2 30. Qb8+ Kg7 31. Qe5+ Qxe5 32. Rxe5 Kf6 33. Re1
Nd4 34. Nxd4 Rxd2 35. Rxd2 Rxd2 36. Nb3 Rb2 37. Re3 Ke7 38. Rd3 Kd6 39. Nd2 Kc5
40. Kf2 e5 41. Ke3 f5 42. Rc3+ Kd6 43. Rc8 f4+ 44. Kd3 Ke6 45. Rc6+ Kf5 46. Rd6
Rb5 47. h3 Ra5 48. Kc3 Ra3+ 49. Nb3 Ra2 50. Nd2 Ra3+ 51. Kb2 Ra5 52. Nb3 Rb5
53. Kc3 g5 54. Kc2 d4 55. Nd2 Rc5+ 56. Kd1 1-0

[Event "Groningen Chess Festival 2010 - Open"]
[Site "Groningen NED"]
[Date "2010.12.22"]
[Round "2.26"]
[White "Aronov, Igor"]
[Black "Knol, Geon"]
[Result "1/2-1/2"]
[WhiteElo "2207"]
[BlackElo "2097"]
[PlyCount "142"]
[EventDate "2010.12.21"]
[EventType "swiss"]
[EventRounds "9"]
[EventCountry "NED"]
[Source "lmi"]
[SourceDate "2010.12.21"]

1. d4 c6 2. c4 b5 3. e4 bxc4 4. Bxc4 Ba6 5. Bxa6 Nxa6 6. Nc3 Nc7 7. Nf3 Nf6 8.
O-O g6 9. d5 cxd5 10. exd5 Bg7 11. d6 Ne6 12. dxe7 Qxe7 13. Re1 O-O 14. Bf4 Qd8
15. Bd6 Re8 16. Ne5 Qb6 17. Rb1 Rac8 18. Qd2 Nd4 19. Ba3 d6 20. Nd3 Nf5 21. Nb4
Bh6 22. Qd3 Ng4 23. Qf3 Ne5 24. Qd1 Re6 25. Nbd5 Qd8 26. b3 Qa5 27. Bb4 Qd8 28.
Ne4 Qh4 29. h3 Nc6 30. Bd2 Bxd2 31. Qxd2 Nce7 32. Nxe7+ Qxe7 33. Nc3 Re8 34.
Kf1 Qd7 35. Rxe6 Rxe6 36. Re1 Rxe1+ 37. Qxe1 Qc6 38. Qd2 Qa6+ 39. Kg1 Qa5 40.
Ne4 Qxd2 41. Nxd2 d5 42. Kf1 Nd4 43. Nf3 Nc6 44. Ke2 Kg7 45. a3 f6 46. Ke3 Kf7
47. Nd4 Na5 48. Kd3 Nb7 49. Kc3 a6 50. f3 Ke7 51. b4 Kd6 52. a4 Nd8 53. h4 h5
54. g4 Ke5 55. gxh5 gxh5 56. b5 axb5 57. axb5 Nb7 58. Ne2 f5 59. b6 Nc5 60. Kb4
Nb7 61. Kb5 Nd6+ 62. Kc6 Nc4 63. Kc5 Nxb6 64. Kxb6 d4 65. Nc1 Kf4 66. Kc5 Kxf3
67. Kxd4 Kg4 68. Ke3 f4+ 69. Kf2 Kxh4 70. Kf3 Kg5 71. Ne2 h4 1/2-1/2

[Event "Groningen Chess Festival 2010 - Open"]
[Site "Groningen NED"]
[Date "2010.12.22"]
[Round "2.27"]
[White "Maris, Ivo"]
[Black "Donchenko, Alexander"]
[Result "0-1"]
[WhiteElo "1955"]
[BlackElo "2207"]
[PlyCount "100"]
[EventDate "2010.12.21"]
[EventType "swiss"]
[EventRounds "9"]
[EventCountry "NED"]
[Source "lmi"]
[SourceDate "2010.12.21"]

1. e4 c5 2. Nf3 d6 3. d4 cxd4 4. Nxd4 Nf6 5. Nc3 a6 6. Bg5 Nbd7 7. f4 Qc7 8.
Qf3 g6 9. O-O-O Bg7 10. Qg3 b5 11. e5 dxe5 12. fxe5 Nxe5 13. Bxf6 Bxf6 14. Nd5
Qb7 15. Nf3 Be6 16. Nxf6+ exf6 17. Nxe5 fxe5 18. Qxe5 O-O 19. Bd3 Qd5 20. Qxd5
Bxd5 21. Bxg6 Bxg2 22. Rhg1 hxg6 23. Rxg2 Rfe8 24. Rgd2 Kg7 25. Rd7 Re6 26. c3
Rae8 27. b3 g5 28. R1d2 Kg6 29. Kc2 f5 30. c4 bxc4 31. bxc4 f4 32. Rf2 Re2+ 33.
Rd2 Rxf2 34. Rxf2 Kf5 35. Kc3 g4 36. c5 Re1 37. Kc4 Ke4 38. Rg2 Rc1+ 39. Kb4
Kf3 40. Rd2 g3 41. hxg3 fxg3 42. Ka5 g2 43. Rxg2 Kxg2 44. Kb6 Kf3 45. c6 Ke4
46. c7 a5 47. a4 Kd5 48. Kxa5 Rxc7 49. Kb6 Kd6 50. a5 Rc1 0-1

[Event "Groningen Chess Festival 2010 - Open"]
[Site "Groningen NED"]
[Date "2010.12.22"]
[Round "2.28"]
[White "Partenheimer, Axel"]
[Black "Van Foreest, Jorden"]
[Result "1/2-1/2"]
[WhiteElo "2201"]
[BlackElo "1970"]
[PlyCount "39"]
[EventDate "2010.12.21"]
[EventType "swiss"]
[EventRounds "9"]
[EventCountry "NED"]
[Source "lmi"]
[SourceDate "2010.12.21"]

1. Nf3 Nf6 2. c4 e6 3. g3 d5 4. d4 dxc4 5. Qa4+ c6 6. Qxc4 b5 7. Qd3 Bb7 8. Bg2
Nbd7 9. O-O a6 10. a4 Be7 11. Nbd2 O-O 12. Nb3 bxa4 13. Rxa4 c5 14. dxc5 Nxc5
15. Nxc5 Bxc5 16. Ne5 Bxg2 17. Kxg2 Qc7 18. Nf3 Qb7 19. Bg5 Be7 20. Rfa1
1/2-1/2

[Event "Groningen Chess Festival 2010 - Open"]
[Site "Groningen NED"]
[Date "2010.12.23"]
[Round "3.1"]
[White "Prohaszka, Peter"]
[Black "Andriasian, Zaven"]
[Result "1/2-1/2"]
[WhiteElo "2536"]
[BlackElo "2585"]
[PlyCount "36"]
[EventDate "2010.12.21"]
[EventType "swiss"]
[EventRounds "9"]
[EventCountry "NED"]
[Source "lmi"]
[SourceDate "2010.12.21"]

1. d4 d5 2. Nf3 Nf6 3. c4 c6 4. Nc3 dxc4 5. a4 Bf5 6. e3 e6 7. Bxc4 Bb4 8. O-O
Nbd7 9. Qe2 Bg6 10. e4 O-O 11. Bd3 Bh5 12. e5 Nd5 13. Nxd5 cxd5 14. Qe3 Re8 15.
Ng5 Bg6 16. f4 Bxd3 17. Qxd3 f5 18. Kh1 Nf8 1/2-1/2

[Event "Groningen Chess Festival 2010 - Open"]
[Site "Groningen NED"]
[Date "2010.12.23"]
[Round "3.2"]
[White "Nyzhnyk, Illya"]
[Black "Werle, Jan"]
[Result "1-0"]
[WhiteElo "2535"]
[BlackElo "2578"]
[PlyCount "57"]
[EventDate "2010.12.21"]
[EventType "swiss"]
[EventRounds "9"]
[EventCountry "NED"]
[Source "lmi"]
[SourceDate "2010.12.21"]

1. d4 Nf6 2. c4 e6 3. Nf3 b6 4. g3 Ba6 5. Qa4 Bb7 6. Bg2 c5 7. dxc5 bxc5 8. O-O
Be7 9. Nc3 O-O 10. Rd1 Qb6 11. Bf4 Rd8 12. Rd2 d6 13. Rad1 h6 14. Qb3 Ne8 15.
e4 g5 16. Be3 Qxb3 17. axb3 Nd7 18. e5 Nxe5 19. Nxe5 Bxg2 20. Kxg2 dxe5 21.
Rxd8 Rxd8 22. Rxd8 Bxd8 23. Bxc5 a5 24. b4 axb4 25. Bxb4 f5 26. c5 Kf7 27. c6
e4 28. Nb5 Bb6 29. Bd6 1-0

[Event "Groningen Chess Festival 2010 - Open"]
[Site "Groningen NED"]
[Date "2010.12.23"]
[Round "3.3"]
[White "Bojkov, Dejan"]
[Black "Brandenburg, Daan"]
[Result "1/2-1/2"]
[WhiteElo "2542"]
[BlackElo "2515"]
[PlyCount "47"]
[EventDate "2010.12.21"]
[EventType "swiss"]
[EventRounds "9"]
[EventCountry "NED"]
[Source "lmi"]
[SourceDate "2010.12.21"]

1. e4 c5 2. Nf3 e6 3. b3 a6 4. Bb2 Nc6 5. c4 d5 6. exd5 exd5 7. cxd5 Qxd5 8.
Be2 Qd6 9. O-O Nf6 10. Na3 Be7 11. d4 O-O 12. Nc4 Qd8 13. Rc1 Bg4 14. dxc5 Bxc5
15. Nce5 Nxe5 16. Nxe5 Bxe2 17. Qxe2 Qe7 18. Qf3 Ba3 19. Bxa3 Qxa3 20. Qxb7
Rab8 21. Qf3 Qxa2 22. Rc3 Rbe8 23. Re3 Re6 24. Nc6 1/2-1/2

[Event "Groningen Chess Festival 2010 - Open"]
[Site "Groningen NED"]
[Date "2010.12.23"]
[Round "3.5"]
[White "Gupta, Abhijeet"]
[Black "Donchenko, Anatoly"]
[Result "1/2-1/2"]
[WhiteElo "2600"]
[BlackElo "2391"]
[PlyCount "102"]
[EventDate "2010.12.21"]
[EventType "swiss"]
[EventRounds "9"]
[EventCountry "NED"]
[Source "lmi"]
[SourceDate "2010.12.21"]

1. d4 d5 2. c4 dxc4 3. Nf3 a6 4. e3 Nf6 5. Bxc4 e6 6. O-O c5 7. Bb3 Nc6 8. Nc3
Be7 9. dxc5 Bxc5 10. Qxd8+ Kxd8 11. e4 Ng4 12. Bf4 f6 13. Rad1+ Ke7 14. Na4 e5
15. Nxe5 Bxf2+ 16. Rxf2 Ngxe5 17. Nb6 Bg4 18. Nd5+ Kf8 19. Rdd2 Rc8 20. h3 Be6
21. Nxf6 Bxb3 22. Bxe5 Nxe5 23. Nd5+ Ke8 24. axb3 Rf8 25. Rxf8+ Kxf8 26. Kf2
Rc1 27. Ke3 Kf7 28. Rf2+ Ke6 29. Nf4+ Ke7 30. Nd3 Nxd3 31. Kxd3 Rc6 32. Rc2
Rd6+ 33. Ke3 Rb6 34. Rc3 g5 35. Kd4 Ke6 36. Rg3 h6 37. h4 Rb4+ 38. Kc3 Rxe4 39.
hxg5 hxg5 40. Rxg5 Re3+ 41. Kb4 Kd6 42. Rg6+ Kc7 43. g4 a5+ 44. Kc4 b5+ 45. Kc5
Rxb3 46. g5 Kd7 47. Rb6 Rxb2 48. g6 Ke7 49. g7 Kf7 50. Rxb5 Rxb5+ 51. Kxb5 Kxg7
1/2-1/2

[Event "Groningen Chess Festival 2010 - Open"]
[Site "Groningen NED"]
[Date "2010.12.23"]
[Round "3.6"]
[White "Carlstedt, Jonathan"]
[Black "Ernst, Sipke"]
[Result "0-1"]
[WhiteElo "2392"]
[BlackElo "2590"]
[PlyCount "128"]
[EventDate "2010.12.21"]
[EventType "swiss"]
[EventRounds "9"]
[EventCountry "NED"]
[Source "lmi"]
[SourceDate "2010.12.21"]

1. c4 Nf6 2. g3 e6 3. Bg2 d5 4. Nf3 Nc6 5. O-O d4 6. d3 Bc5 7. Nbd2 a5 8. Nb3
Ba7 9. a4 Nd7 10. Ne1 Bb6 11. Nc2 e5 12. e3 O-O 13. Kh1 Nc5 14. Nxc5 Bxc5 15.
f4 dxe3 16. Bxe3 Bxe3 17. Nxe3 Nb4 18. Ra3 Ra6 19. fxe5 Qd4 20. Qd2 Qxe5 21. d4
Qg5 22. Rf4 Rf6 23. Rxf6 Qxf6 24. Ra1 Re8 25. Re1 Bd7 26. b3 h5 27. d5 h4 28.
gxh4 Qxh4 29. d6 cxd6 30. Bxb7 d5 31. Ng2 Rxe1+ 32. Nxe1 Qe4+ 33. Kg1 Qg4+ 34.
Ng2 dxc4 35. bxc4 Bxa4 36. c5 Bc6 37. Bxc6 Nxc6 38. Qd6 Qe4 39. Nf4 Kh7 40. Qd7
Qd4+ 41. Qxd4 Nxd4 42. Kf2 g5 43. Ne2 Ne6 44. c6 Kg6 45. Ke3 Kf5 46. Nd4+ Ke5
47. c7 Nxc7 48. Nc6+ Kf5 49. Nxa5 Kg4 50. Nc6 f6 51. Nd4 Nd5+ 52. Kf2 Kh3 53.
Kg1 Ne3 54. Nf3 Ng4 55. Kh1 Nf2+ 56. Kg1 Nd3 57. Nd2 f5 58. Kf1 Ne5 59. Kg1 g4
60. Kh1 Nd3 61. Kg1 Nf4 62. Nc4 Ne2+ 63. Kh1 f4 64. Ne3 Ng3+ 0-1

[Event "Groningen Chess Festival 2010 - Open"]
[Site "Groningen NED"]
[Date "2010.12.23"]
[Round "3.7"]
[White "Grover, Sahaj"]
[Black "Rotstein, Arkadij"]
[Result "0-1"]
[WhiteElo "2432"]
[BlackElo "2538"]
[PlyCount "44"]
[EventDate "2010.12.21"]
[EventType "swiss"]
[EventRounds "9"]
[EventCountry "NED"]
[Source "lmi"]
[SourceDate "2010.12.21"]

1. e4 c5 2. Nf3 e6 3. d4 cxd4 4. Nxd4 a6 5. Nc3 Qc7 6. Bd3 Nf6 7. Qe2 d6 8. f4
Nbd7 9. O-O b5 10. Bd2 Bb7 11. a3 g6 12. f5 gxf5 13. exf5 e5 14. Ne6 Qc6 15.
Nd4 Qb6 16. Be3 Rg8 17. Nf3 Qc6 18. Rae1 O-O-O 19. Bg5 Re8 20. Bxf6 Nxf6 21.
Qf2 e4 22. Nd4 Qb6 0-1

[Event "Groningen Chess Festival 2010 - Open"]
[Site "Groningen NED"]
[Date "2010.12.23"]
[Round "3.9"]
[White "Shiven, Khosla"]
[Black "Van Kampen, Robin"]
[Result "0-1"]
[WhiteElo "2354"]
[BlackElo "2454"]
[PlyCount "82"]
[EventDate "2010.12.21"]
[EventType "swiss"]
[EventRounds "9"]
[EventCountry "NED"]
[Source "lmi"]
[SourceDate "2010.12.21"]

1. e4 c5 2. Nf3 d6 3. d4 cxd4 4. Nxd4 Nf6 5. Nc3 Nc6 6. Be2 e5 7. Nf3 h6 8. h3
Be7 9. O-O O-O 10. Re1 a6 11. a4 Be6 12. Bf1 Qa5 13. Bd2 Qc7 14. Be3 Na5 15.
Nd5 Bxd5 16. exd5 Nc4 17. Bd4 Bd8 18. b3 Nb6 19. Bb2 Nbxd5 20. Ba3 Be7 21. c4
Nf4 22. c5 Rad8 23. Qc1 dxc5 24. Nxe5 N4d5 25. Bc4 Bd6 26. Bb2 Rfe8 27. f4 Re7
28. Qc2 Nxf4 29. Qf5 Rde8 30. Bxf7+ Rxf7 31. Nxf7 Qxf7 32. Bxf6 Rxe1+ 33. Rxe1
Qxf6 34. Qc8+ Kh7 35. Qxb7 Qd4+ 36. Kh1 Ne2 37. Qf3 Ng3+ 38. Kh2 Ne4+ 39. Kh1
Nf2+ 40. Kg1 Nd3+ 41. Re3 Qa1+ 0-1

[Event "Groningen Chess Festival 2010 - Open"]
[Site "Groningen NED"]
[Date "2010.12.23"]
[Round "3.10"]
[White "Bluvshtein, Mark"]
[Black "Feuerstack, Aljoscha"]
[Result "1-0"]
[WhiteElo "2587"]
[BlackElo "2404"]
[PlyCount "59"]
[EventDate "2010.12.21"]
[EventType "swiss"]
[EventRounds "9"]
[EventCountry "NED"]
[Source "lmi"]
[SourceDate "2010.12.21"]

1. d4 d5 2. c4 c6 3. Nc3 dxc4 4. e4 b5 5. a4 b4 6. Na2 Nf6 7. e5 Nd5 8. Bxc4
Bf5 9. Nf3 e6 10. O-O Be7 11. Bd2 a5 12. Nc1 O-O 13. Nb3 Nd7 14. Qe2 N5b6 15.
Bd3 Bxd3 16. Qxd3 Nb8 17. Qc2 h6 18. Be3 Qd5 19. Nfd2 Rc8 20. Nc5 Qd8 21. Nde4
Ra7 22. Rad1 Nd5 23. Bc1 Nd7 24. f4 Nf8 25. f5 exf5 26. Rxf5 Nc7 27. Qe2 Nce6
28. Qg4 Kh8 29. Nxe6 fxe6 30. Rf7 1-0

[Event "Groningen Chess Festival 2010 - Open"]
[Site "Groningen NED"]
[Date "2010.12.23"]
[Round "3.11"]
[White "Nijboer, Friso"]
[Black "Van Eijk, Sander"]
[Result "1-0"]
[WhiteElo "2583"]
[BlackElo "2387"]
[PlyCount "63"]
[EventDate "2010.12.21"]
[EventType "swiss"]
[EventRounds "9"]
[EventCountry "NED"]
[Source "lmi"]
[SourceDate "2010.12.21"]

1. e4 e6 2. d4 d5 3. Nc3 Nf6 4. e5 Nfd7 5. f4 c5 6. Nf3 Nc6 7. Be3 a6 8. Qd2 b5
9. Be2 Qb6 10. Nd1 b4 11. c3 a5 12. O-O Ba6 13. Bxa6 Qxa6 14. f5 exf5 15. Ng5
cxd4 16. cxd4 h6 17. Nh3 Ne7 18. a3 bxa3 19. Rxa3 g5 20. Qf2 Qe6 21. Nc3 Nc6
22. Nb5 Rc8 23. Rc3 f4 24. Bxf4 gxf4 25. Nxf4 Qf5 26. Rf3 Ncxe5 27. dxe5 Nxe5
28. Rc3 Rxc3 29. bxc3 f6 30. Nd4 Qg5 31. Nxd5 Be7 32. Nf5 1-0

[Event "Groningen Chess Festival 2010 - Open"]
[Site "Groningen NED"]
[Date "2010.12.23"]
[Round "3.12"]
[White "Lobzhanidze, Davit"]
[Black "Kantans, Toms"]
[Result "1-0"]
[WhiteElo "2496"]
[BlackElo "2342"]
[PlyCount "113"]
[EventDate "2010.12.21"]
[EventType "swiss"]
[EventRounds "9"]
[EventCountry "NED"]
[Source "lmi"]
[SourceDate "2010.12.21"]

1. e4 c5 2. Nf3 d6 3. Bc4 Nf6 4. d3 Nc6 5. h3 g6 6. O-O Bg7 7. Bb3 O-O 8. c3 b5
9. Re1 Rb8 10. Nbd2 Nd7 11. Nf1 Nb6 12. Be3 a5 13. Qd2 a4 14. Bd1 f5 15. exf5
Bxf5 16. Bh6 e5 17. Bxg7 Kxg7 18. Ng3 Nd5 19. Ng5 Nf4 20. Nxf5+ Rxf5 21. Qxf4
Rxf4 22. Ne6+ Kf7 23. Nxd8+ Rxd8 24. a3 d5 25. Rc1 Ke6 26. c4 Kd6 27. cxb5 Na5
28. Rc2 c4 29. dxc4 Rxc4 30. Rxc4 Nxc4 31. Bxa4 Ra8 32. Bb3 Nxb2 33. Rc1 e4 34.
Rc6+ Ke5 35. a4 Nxa4 36. Ra6 Rxa6 37. bxa6 Nb6 38. a7 g5 39. Kf1 h5 40. Ke2 d4
41. Bf7 h4 42. Kd2 Kd6 43. Bg6 Ke5 44. Bh5 Kd5 45. Bg4 Ke5 46. Bh5 Kd5 47. Bg4
Kc6 48. Bf5 Kd5 49. Kd1 Na8 50. f3 exf3 51. gxf3 Ke5 52. Be4 Nc7 53. Ke2 g4 54.
hxg4 h3 55. Kf2 Kf4 56. a8=Q Nxa8 57. Bxa8 1-0

[Event "Groningen Chess Festival 2010 - Open"]
[Site "Groningen NED"]
[Date "2010.12.23"]
[Round "3.13"]
[White "Afek, Yochanan"]
[Black "Pruijssers, Roeland"]
[Result "0-1"]
[WhiteElo "2238"]
[BlackElo "2487"]
[PlyCount "124"]
[EventDate "2010.12.21"]
[EventType "swiss"]
[EventRounds "9"]
[EventCountry "NED"]
[Source "lmi"]
[SourceDate "2010.12.21"]

1. e4 e5 2. Nf3 Nc6 3. d4 exd4 4. Nxd4 Nf6 5. Nc3 Bb4 6. Nxc6 bxc6 7. Bd3 d5 8.
exd5 cxd5 9. O-O O-O 10. Bg5 c6 11. Ne2 h6 12. Bh4 Bd6 13. Nd4 c5 14. Nb5 Be7
15. c4 Bb7 16. Re1 a6 17. Nc3 d4 18. Bxf6 Bxf6 19. Ne4 Be7 20. Qh5 Qc7 21. Re2
Qc6 22. f3 Rae8 23. Rae1 Bc8 24. Qd5 Bd7 25. Qxc6 Bxc6 26. Nd2 Bd8 27. Be4 Bd7
28. Nb3 Bb6 29. Bd5 Rxe2 30. Rxe2 Re8 31. Rxe8+ Bxe8 32. Kf1 Kf8 33. Ke2 g5 34.
g4 Ke7 35. Nc1 Bc7 36. Nd3 Bd6 37. h3 Bd7 38. Nc1 a5 39. Kd3 f5 40. Nb3 a4 41.
Nc1 Kf6 42. Ke2 Kg6 43. b3 axb3 44. Nxb3 h5 45. gxf5+ Kxf5 46. Nd2 Kf4 47. Ne4
Be7 48. Nf2 Kg3 49. Nd3 Bxh3 50. a4 Bc8 51. Kf1 h4 52. a5 h3 53. Nf2 h2 54.
Ne4+ Kf4 55. Kg2 Ke3 56. Ng3 Bd6 57. a6 Bb8 58. Nf1+ Ke2 59. Ng3+ Ke1 60. Ne4
d3 61. f4 d2 62. Nf2 h1=Q+ 0-1

[Event "Groningen Chess Festival 2010 - Open"]
[Site "Groningen NED"]
[Date "2010.12.23"]
[Round "3.14"]
[White "Bok, Benjamin"]
[Black "Heemskerk, Wim"]
[Result "1/2-1/2"]
[WhiteElo "2458"]
[BlackElo "2263"]
[PlyCount "73"]
[EventDate "2010.12.21"]
[EventType "swiss"]
[EventRounds "9"]
[EventCountry "NED"]
[Source "lmi"]
[SourceDate "2010.12.21"]

1. e4 c5 2. Nf3 g6 3. d4 cxd4 4. Nxd4 Nc6 5. c4 Nf6 6. Nc3 d6 7. Be2 Nxd4 8.
Qxd4 Bg7 9. Be3 O-O 10. Qd2 a5 11. O-O a4 12. Rac1 Be6 13. f3 Qa5 14. Rfd1 Rfc8
15. Nb5 Nd7 16. Nd4 Nc5 17. Nxe6 Qxd2 18. Rxd2 fxe6 19. Rb1 Ra6 20. Bd1 Kf7 21.
Kf2 Rcc6 22. Be2 Rab6 23. Rc2 Rb4 24. Bd2 Bd4+ 25. Kf1 Rbb6 26. Ba5 Ra6 27. Bd2
Rab6 28. Ba5 Ra6 29. Be1 Rab6 30. g3 Rc8 31. Ba5 Ra6 32. Bd2 Rb6 33. Ba5 Ra6
34. Bd2 Rb6 35. h4 Ra8 36. Kg2 e5 37. Kf1 1/2-1/2

[Event "Groningen Chess Festival 2010 - Open"]
[Site "Groningen NED"]
[Date "2010.12.23"]
[Round "3.15"]
[White "Donchenko, Alexander"]
[Black "Van Oosterom, Chiel"]
[Result "0-1"]
[WhiteElo "2207"]
[BlackElo "2426"]
[PlyCount "32"]
[EventDate "2010.12.21"]
[EventType "swiss"]
[EventRounds "9"]
[EventCountry "NED"]
[Source "lmi"]
[SourceDate "2010.12.21"]

1. d4 f5 2. Bg5 g6 3. Nd2 Bg7 4. e4 fxe4 5. Nxe4 d5 6. Nc3 Nh6 7. Qd2 Nf7 8.
Bf4 O-O 9. O-O-O c5 10. Nb5 cxd4 11. Nc7 e5 12. Nxa8 exf4 13. Kb1 Nc6 14. Ne2
Nd6 15. Nxf4 Ne4 16. Qc1 Nxf2 0-1